000 00304pab a2200133 454500
008 180718b1987 xxu||||| |||| 00| 0 eng d
245 _aRecycling from minicipal work
260 _c1987
300 _a1-4,6
362 _aJune
650 _aWaste, Utilization of
773 _aUrban Edge
909 _a20559
999 _c20559
_d20559